[Event "Ungdoms-DM U10 2023"]
[Site "Odense"]
[Date "2023.11.04"]
[Round "1.5"]
[White "Sandmann, Mattis Majvang"]
[Black "Pirtac, Alexandru"]
[Result "0-1"]
[WhiteElo "1035"]
[BlackElo "1843"]
[PlyCount "48"]
[EventDate "2023.11.04"]
[EventType "swiss"]
[EventRounds "7"]
[EventCountry "DEN"]
[SourceTitle "Live v. Kasper Jerwiarz"]

1. e4 c5 2. Nf3 e6 3. d4 cxd4 4. Nxd4 Nf6 5. Nc3 Bb4 6. e5 Nd5 7. Bd2 Nxc3 8.
Bxc3 Bxc3+ 9. bxc3 Qc7 10. Nb5 Qxe5+ 11. Be2 a6 12. Nd6+ Ke7 13. Nc4 Qxc3+ 14.
Kf1 d5 15. Nb6 Ra7 16. Rb1 Nd7 17. Nxd7 Bxd7 18. Rb3 Qc6 19. Qd2 f6 20. Qb4+
Qd6 21. Qg4 g6 22. Qh4 Qe5 23. g3 Bc6 24. f4 Qa1+ 0-1

[Event "Ungdoms-DM U10 2023"]
[Site "Odense"]
[Date "2023.11.04"]
[Round "1.6"]
[White "Hansen, Patrick Noumedem"]
[Black "Bruniche Olsen, Bertram"]
[Result "1-0"]
[WhiteElo "1302"]
[BlackElo "1000"]
[PlyCount "33"]
[EventDate "2023.11.04"]
[EventType "swiss"]
[EventRounds "7"]
[EventCountry "DEN"]
[SourceTitle "Live v. Kasper Jerwiarz"]

1. d4 d5 2. c4 dxc4 3. e4 Nc6 4. Nf3 Bg4 5. d5 Bxf3 6. Qxf3 f6 7. dxc6 bxc6 8.
Bxc4 Nh6 9. e5 fxe5 10. Qxc6+ Qd7 11. Qxa8+ Qd8 12. Bb5+ Kf7 13. Qxd8 a5 14.
O-O e6 15. Qe8+ Kf6 16. h4 Nf5 17. Bg5# 1-0

[Event "Ungdoms-DM U10 2023"]
[Site "Odense"]
[Date "2023.11.04"]
[Round "1.7"]
[White "Chen, Isabella"]
[Black "Mikkelsen, Anders Askjaer"]
[Result "0-1"]
[WhiteElo "1000"]
[BlackElo "1208"]
[PlyCount "62"]
[EventDate "2023.11.04"]
[EventType "swiss"]
[EventRounds "7"]
[EventCountry "DEN"]
[SourceTitle "Live v. Kasper Jerwiarz"]

1. e4 c5 2. Nf3 Nc6 3. d4 cxd4 4. Nxd4 d6 5. Nc3 Nf6 6. Bb5 Bd7 7. O-O g6 8.
Re1 Bg7 9. Nxc6 bxc6 10. Bc4 O-O 11. e5 dxe5 12. Rxe5 Nd5 13. Bxd5 Bxe5 14. Bc4
Bf5 15. Qe2 Bg7 16. Qf3 Qd4 17. Bd3 Bxd3 18. cxd3 Rab8 19. Qxc6 Qxd3 20. Be3
Rxb2 21. Rc1 Bxc3 22. Qxc3 Qxc3 23. Rxc3 Rxa2 24. h3 a5 25. Bh6 Rd8 26. Bf4 a4
27. Bc7 Rc8 28. Rc5 a3 29. Kf1 Rb2 30. Ra5 Rxc7 31. Rxa3 Rc1# 0-1

[Event "Ungdoms-DM U10 2023"]
[Site "Odense"]
[Date "2023.11.04"]
[Round "1.8"]
[White "Shahriarifar, Radin"]
[Black "Christophersen, Henry Emil S"]
[Result "1-0"]
[WhiteElo "1153"]
[BlackElo "1000"]
[PlyCount "91"]
[EventDate "2023.11.04"]
[EventType "swiss"]
[EventRounds "7"]
[EventCountry "DEN"]
[SourceTitle "Live v. Kasper Jerwiarz"]

1. d4 d6 2. e4 e5 3. dxe5 c5 4. Bc4 Be6 5. Bxe6 fxe6 6. exd6 Bxd6 7. e5 Bxe5 8.
Qh5+ g6 9. Qxe5 Nf6 10. Qxe6+ Qe7 11. Qxe7+ Kxe7 12. Nf3 Re8 13. O-O Kf8 14.
Bh6+ Kg8 15. Nc3 Ng4 16. Bf4 Rf8 17. Bg3 Nc6 18. h3 Nf6 19. Bd6 Rfd8 20. Bxc5
b6 21. Be3 Nd5 22. Nxd5 Rxd5 23. Rad1 Rxd1 24. Rxd1 Nb4 25. c3 Nxa2 26. Ra1 Rd8
27. Rd1 Ra8 28. Ra1 Rd8 29. Rxa2 Rd1+ 30. Kh2 Rb1 31. Rxa7 Rxb2 32. Rb7 h5 33.
Rxb6 Rc2 34. Rb8+ Kh7 35. Rb7+ Kg8 36. Bd4 Rxf2 37. Rb8+ Kf7 38. Bxf2 Kf6 39.
c4 g5 40. Nxg5 Kxg5 41. c5 h4 42. c6 Kh5 43. c7 Kg5 44. c8=Q Kh5 45. Qg4+ Kh6
46. Rh8# 1-0

[Event "Ungdoms-DM U10 2023"]
[Site "Odense"]
[Date "2023.11.04"]
[Round "2.5"]
[White "Pirtac, Alexandru"]
[Black "Arnfred, Solal Hojlund"]
[Result "1-0"]
[WhiteElo "1843"]
[BlackElo "1126"]
[PlyCount "33"]
[EventDate "2023.11.04"]
[EventType "swiss"]
[EventRounds "7"]
[EventCountry "DEN"]
[SourceTitle "Live v. Kasper Jerwiarz"]

1. e4 e6 2. d4 d5 3. e5 c5 4. c3 Nc6 5. Nf3 Nge7 6. Bd3 g6 7. h4 Bg7 8. h5 Bd7
9. h6 Bf8 10. Bg5 Qb6 11. Bf6 Qxb2 12. Bxh8 Qxa1 13. Qc2 O-O-O 14. O-O cxd4 15.
Nxd4 Nxd4 16. cxd4+ Kb8 17. Nc3 1-0

[Event "Ungdoms-DM U10 2023"]
[Site "Odense"]
[Date "2023.11.04"]
[Round "2.6"]
[White "Larsen, Jonas Bogh"]
[Black "Hansen, Patrick Noumedem"]
[Result "0-1"]
[WhiteElo "1068"]
[BlackElo "1302"]
[PlyCount "132"]
[EventDate "2023.11.04"]
[EventType "swiss"]
[EventRounds "7"]
[EventCountry "DEN"]
[SourceTitle "Live v. Kasper Jerwiarz"]

1. e4 c6 2. d4 d5 3. f3 e6 4. Nc3 Bd7 5. Bd3 Bb4 6. Nge2 c5 7. dxc5 dxe4 8.
Bxe4 Nc6 9. O-O Bxc5+ 10. Kh1 Nf6 11. Bg5 Be7 12. Bd3 a6 13. Qe1 Ne5 14. Rc1
Ng6 15. Ng3 Nd5 16. Bd2 Ngf4 17. Bc4 Bc6 18. a4 O-O 19. b4 Bxb4 20. Rb1 Bxc3
21. Bxc3 Nxc3 22. Qxc3 Nd5 23. Qb2 Ne3 24. Rfe1 Nxc4 25. Qc3 Nd6 26. Rbd1 Qf6
27. Qxf6 gxf6 28. Rxd6 Rfd8 29. Rxd8+ Rxd8 30. a5 Kg7 31. h4 Rd2 32. c3 Rc2 33.
Re3 Ra2 34. Nh5+ Kg6 35. Nf4+ Kf5 36. Ne2 e5 37. g4+ Kg6 38. h5+ Kg7 39. Ng3
Rxa5 40. Nf5+ Kf8 41. Kg2 Rc5 42. Kg3 a5 43. Rd3 Rd5 44. Re3 a4 45. f4 a3 46.
c4 Ra5 47. Re1 a2 48. Ra1 b5 49. cxb5 Bxb5 50. fxe5 fxe5 51. Kf3 Bc6+ 52. Ke3
Ra3+ 53. Kd2 Bd5 54. Nh4 e4 55. Ng2 Rb3 56. Kc2 Rb6 57. Ne3 Be6 58. h6 Ke7 59.
Nd1 Bxg4 60. Rxa2 Bxd1+ 61. Kxd1 Rxh6 62. Re2 f5 63. Kd2 Ke6 64. Ke3 Ke5 65.
Rf2 Rh3+ 66. Ke2 f4 0-1

[Event "Ungdoms-DM U10 2023"]
[Site "Odense"]
[Date "2023.11.04"]
[Round "2.7"]
[White "Mikkelsen, Anders Askjaer"]
[Black "Zhang, Daniel Zhihao"]
[Result "1-0"]
[WhiteElo "1208"]
[BlackElo "1056"]
[PlyCount "157"]
[EventDate "2023.11.04"]
[EventType "swiss"]
[EventRounds "7"]
[EventCountry "DEN"]
[SourceTitle "Live v. Kasper Jerwiarz"]

1. e4 e5 2. Nf3 d6 3. Bc4 Bg4 4. c3 Nc6 5. d3 Nf6 6. Bg5 Be7 7. Nbd2 h6 8. Bh4
O-O 9. O-O Nh7 10. Bg3 Bg5 11. Qb3 Na5 12. Qa4 Nxc4 13. Qxc4 Bxd2 14. Nxd2 a6
15. d4 exd4 16. cxd4 Bd7 17. Rfc1 Rc8 18. Rc2 Bb5 19. Qb3 Qd7 20. a4 Be2 21. f3
b5 22. Qe3 Bc4 23. Nxc4 bxc4 24. Rxc4 Rfe8 25. d5 Ra8 26. Rac1 Nf6 27. Rxc7
Qxa4 28. Bxd6 Nxd5 29. Qd3 Nxc7 30. Bxc7 Rac8 31. Kf2 Red8 32. Qxd8+ Rxd8 33.
Bxd8 Qd4+ 34. Kg3 Qxd8 35. Ra1 Qd6+ 36. Kf2 Qd4+ 37. Kg3 Qxb2 38. Rxa6 Qb8+ 39.
Kf2 Qxh2 40. Ra2 Qh4+ 41. Kg1 Qe1+ 42. Kh2 Qb1 43. Re2 f5 44. exf5 Qxf5 45. Kg1
Kf7 46. Kh2 Kg6 47. Kg1 Kg5 48. Kf2 g6 49. Kg3 Kh5 50. Kf2 g5 51. g4+ Qxg4 52.
fxg4+ Kxg4 53. Kg2 Kf4 54. Re6 h5 55. Rg6 Kg4 56. Kh2 h4 57. Kg2 Kf5 58. Ra6
Kg4 59. Ra4+ Kh5 60. Kh3 Kh6 61. Kg4 Kg6 62. Ra6+ Kf7 63. Kxg5 h3 64. Rh6 h2
65. Rxh2 Ke6 66. Rd2 Ke5 67. Re2+ Kd4 68. Kf4 Kd5 69. Re4 Kd6 70. Re5 Kd7 71.
Ke4 Kd6 72. Rh5 Kc6 73. Kd4 Kd6 74. Rh6+ Ke7 75. Ra6 Kd7 76. Kc5 Kc8 77. Kc6
Kb8 78. Ra1 Kc8 79. Ra8# 1-0

[Event "Ungdoms-DM U10 2023"]
[Site "Odense"]
[Date "2023.11.04"]
[Round "2.8"]
[White "Jacobsen, Samuel Bro"]
[Black "Shahriarifar, Radin"]
[Result "1-0"]
[WhiteElo "1054"]
[BlackElo "1153"]
[PlyCount "48"]
[EventDate "2023.11.04"]
[EventType "swiss"]
[EventRounds "7"]
[EventCountry "DEN"]
[SourceTitle "Live v. Kasper Jerwiarz"]

1. e4 e5 2. Nf3 Nf6 3. Nxe5 Nc6 4. Nxc6 dxc6 5. Nc3 Bc5 6. Be2 h5 7. a3 Qd4 8.
O-O Ng4 9. Bxg4 hxg4 10. b4 Qe5 11. g3 Qh5 12. h4 Bb6 13. Kg2 Qe5 14. Bb2 Bd4
15. Qe2 b6 16. Rab1 a5 17. Nd1 Bxb2 18. Nxb2 f5 19. Rfe1 f4 20. Nd3 f3+ 21. Kg1
Qf6 22. e5 Qe7 23. Qe4 Bd7 24. e6 Bc8 1-0

[Event "Ungdoms-DM U10 2023"]
[Site "Odense"]
[Date "2023.11.04"]
[Round "3.5"]
[White "Bjerg, Sigurd"]
[Black "Pirtac, Alexandru"]
[Result "0-1"]
[WhiteElo "1145"]
[BlackElo "1843"]
[PlyCount "56"]
[EventDate "2023.11.04"]
[EventType "swiss"]
[EventRounds "7"]
[EventCountry "DEN"]
[SourceTitle "Live v. Kasper Jerwiarz"]

1. e4 c5 2. Nf3 e6 3. d4 cxd4 4. Nxd4 Nf6 5. Nc3 Bb4 6. e5 Nd5 7. Bd2 Nxc3 8.
bxc3 Ba5 9. Qg4 g6 10. Bd3 Qc7 11. Nb5 Qxe5+ 12. Qe4 Qxe4+ 13. Bxe4 d5 14. Bd3
a6 15. Nd6+ Ke7 16. Nxc8+ Rxc8 17. O-O Bxc3 18. Bxc3 Rxc3 19. Rab1 b5 20. f4
Nc6 21. Rbe1 Nb4 22. Re2 Nxd3 23. cxd3 Rxd3 24. f5 gxf5 25. Rxf5 Rd1+ 26. Kf2
d4 27. Re1 Rxe1 28. Kxe1 exf5 0-1

[Event "Ungdoms-DM U10 2023"]
[Site "Odense"]
[Date "2023.11.04"]
[Round "3.6"]
[White "Hansen, Patrick Noumedem"]
[Black "Jacobsen, Samuel Bro"]
[Result "0-1"]
[WhiteElo "1302"]
[BlackElo "1054"]
[PlyCount "134"]
[EventDate "2023.11.04"]
[EventType "swiss"]
[EventRounds "7"]
[EventCountry "DEN"]
[SourceTitle "Live v. Kasper Jerwiarz"]

1. d4 c5 2. dxc5 e5 3. Nc3 Bxc5 4. e3 Nc6 5. b3 Nf6 6. Bd3 Bb4 7. Bb2 d5 8. a3
Bxc3+ 9. Bxc3 d4 10. exd4 exd4 11. Bb2 O-O 12. Ne2 Re8 13. O-O Bg4 14. f3 Bh5
15. Bb5 Qb6 16. Bxc6 d3+ 17. Nd4 dxc2 18. Qxc2 bxc6 19. Qxc6 Qxc6 20. Nxc6 Re2
21. Bxf6 gxf6 22. Nd4 Rd2 23. Rfd1 Rxd1+ 24. Rxd1 Rd8 25. Kf2 Bg6 26. Ke2 Re8+
27. Kf2 Rd8 28. Ke1 Re8+ 29. Ne2 Bc2 30. Rd2 Bxb3 31. Kf2 Kf8 32. Nd4 Be6 33.
Nc6 a6 34. a4 Rc8 35. Rd8+ Rxd8 36. Nxd8 Bd5 37. Ke3 Ke7 38. Kd4 Ba8 39. Nxf7
Kxf7 40. a5 Bc6 41. Ke3 Ke6 42. g3 Be8 43. f4 f5 44. h3 Kd5 45. g4 Bg6 46. Kd3
Kc5 47. Kc3 Kb5 48. Kd4 Kxa5 49. Ke5 Kb6 50. gxf5 Bh5 51. f6 a5 52. f5 a4 53.
Ke6 a3 54. f7 Bxf7+ 55. Kxf7 a2 56. f6 a1=Q 57. h4 Qe5 58. Kg7 Kc7 59. h5 Kd7
60. Kxh7 Qxf6 61. h6 Kd6 62. Kg8 Qxh6 63. Kf7 Qe6+ 64. Kg7 Ke5 65. Kh7 Qg4 66.
Kh8 Kf6 67. Kh7 Qg7# 0-1

[Event "Ungdoms-DM U10 2023"]
[Site "Odense"]
[Date "2023.11.04"]
[Round "3.7"]
[White "Vo, Charlie"]
[Black "Mikkelsen, Anders Askjaer"]
[Result "0-1"]
[WhiteElo "974"]
[BlackElo "1208"]
[PlyCount "70"]
[EventDate "2023.11.04"]
[EventType "swiss"]
[EventRounds "7"]
[EventCountry "DEN"]
[SourceTitle "Live v. Kasper Jerwiarz"]

1. e4 c5 2. Nf3 Nc6 3. d4 cxd4 4. Nxd4 d6 5. Nc3 Nf6 6. f3 g6 7. Be3 Bg7 8. Bb5
Bd7 9. Bxc6 bxc6 10. Qd2 c5 11. Nde2 Rb8 12. Bh6 Bxh6 13. Qxh6 Rxb2 14. O-O
Rxc2 15. Rfe1 e6 16. f4 Ng4 17. Qg7 Qf6 18. Qxf6 Nxf6 19. Rab1 O-O 20. Rb7 Bc6
21. Rxa7 Nxe4 22. Nxe4 Bxe4 23. Rd7 d5 24. a4 Ra8 25. Ng3 Rxa4 26. Rd1 Rxg2+
27. Kf1 Rxh2 28. Nxe4 Rxe4 29. Rb1 Rh1+ 30. Kf2 Rxb1 31. Kf3 Rb3+ 32. Kf2 Ra4
33. Rxd5 exd5 34. Ke2 Ra2+ 35. Kd1 Rb1# 0-1

[Event "Ungdoms-DM U10 2023"]
[Site "Odense"]
[Date "2023.11.04"]
[Round "3.8"]
[White "Shahriarifar, Radin"]
[Black "Sinding, Mille"]
[Result "1-0"]
[WhiteElo "1153"]
[BlackElo "1000"]
[PlyCount "93"]
[EventDate "2023.11.04"]
[EventType "swiss"]
[EventRounds "7"]
[EventCountry "DEN"]
[SourceTitle "Live v. Kasper Jerwiarz"]

1. d4 d5 2. Bf4 Nc6 3. e3 e5 4. dxe5 Qe7 5. Qxd5 Qb4+ 6. Qd2 Qxb2 7. c3 Qxa1 8.
Bd3 g6 9. Nf3 Bf5 10. Bxf5 gxf5 11. O-O Rd8 12. Qc2 Nb4 13. Qd2 Nc6 14. Qc2 Nb4
15. cxb4 Bxb4 16. Qa4+ c6 17. Qxb4 Qxa2 18. Qxb7 Rd3 19. Qxc6+ Kf8 20. Qc8+ Kg7
21. Qxf5 Qd5 22. Bh6+ Nxh6 23. Qg5+ Kf8 24. Qxh6+ Ke8 25. Nbd2 Kd7 26. e4 Qa8
27. e6+ fxe6 28. Ne5+ Kc7 29. Nxd3 Rd8 30. Qxe6 Rxd3 31. Qc4+ Kb6 32. Qxd3 a5
33. Rb1+ Kc5 34. Qd5+ Qxd5 35. exd5 Kxd5 36. Rb5+ Ke6 37. Rxa5 Kf7 38. Ra6 Kg7
39. f4 Kg8 40. Ra7 Kh8 41. Kf2 Kg8 42. Kg3 Kh8 43. Kg4 Kg8 44. Kg5 Kh8 45. Kh6
Kg8 46. f5 Kh8 47. Ra8# 1-0

[Event "Ungdoms-DM U10 2023"]
[Site "Odense"]
[Date "2023.11.04"]
[Round "4.5"]
[White "Pirtac, Alexandru"]
[Black "Mikkelsen, Anders Askjaer"]
[Result "1-0"]
[WhiteElo "1843"]
[BlackElo "1208"]
[PlyCount "63"]
[EventDate "2023.11.04"]
[EventType "swiss"]
[EventRounds "7"]
[EventCountry "DEN"]
[SourceTitle "Live v. Kasper Jerwiarz"]

1. e4 c5 2. Nf3 Nc6 3. d4 cxd4 4. Nxd4 d6 5. Nc3 Nf6 6. f3 g6 7. Be3 Bd7 8. Bc4
a6 9. Bb3 Bg7 10. Qd2 Rc8 11. Nxc6 Rxc6 12. h4 h5 13. O-O-O b5 14. Kb1 Rc8 15.
Qf2 Rb8 16. Bd4 a5 17. e5 dxe5 18. Bxe5 Rb6 19. Rxd7 Nxd7 20. Bxg7 Rg8 21. Bd4
Rd6 22. Nxb5 Rc6 23. Bd5 Rc8 24. Re1 Kf8 25. Qe3 e6 26. Nd6 Rc7 27. Qh6+ Ke7
28. Nxf7 Nc5 29. Nxd8 Rxd8 30. Bxc5+ Rxc5 31. Rxe6+ Kd7 32. Qg7+ 1-0

[Event "Ungdoms-DM U10 2023"]
[Site "Odense"]
[Date "2023.11.04"]
[Round "4.6"]
[White "Jacobsen, Samuel Bro"]
[Black "Bjerg, Sigurd"]
[Result "1-0"]
[WhiteElo "1054"]
[BlackElo "1145"]
[PlyCount "95"]
[EventDate "2023.11.04"]
[EventType "swiss"]
[EventRounds "7"]
[EventCountry "DEN"]
[SourceTitle "Live v. Kasper Jerwiarz"]

1. e4 e5 2. Nf3 Nc6 3. Bc4 Nf6 4. Ng5 d5 5. exd5 Nxd5 6. Qf3 Qxg5 7. Bxd5 Qg6
8. Bxc6+ Qxc6 9. Qxc6+ bxc6 10. O-O Bf5 11. d3 Bc5 12. Re1 f6 13. c3 Bxd3 14.
Be3 Bxe3 15. Rxe3 Bg6 16. f4 O-O 17. fxe5 Rae8 18. e6 Re7 19. Nd2 Rfe8 20. Rae1
Bf5 21. Nf3 c5 22. Nh4 Bg6 23. h3 c4 24. Kf2 Bd3 25. Nf3 c5 26. b3 a5 27. a3
Bf5 28. Nh4 Bd3 29. b4 axb4 30. axb4 cxb4 31. cxb4 g5 32. Nf3 h6 33. Nd4 Rc8
34. Rc1 Rcc7 35. b5 Kh7 36. g4 Kg6 37. Ra1 f5 38. b6 Rb7 39. Ra7 Rxa7 40. bxa7
Rxa7 41. e7 Ra2+ 42. Kg3 f4+ 43. Kf3 fxe3 44. e8=Q+ Kg7 45. Qxe3 Be2+ 46. Nxe2
Ra8 47. Qd4+ Kg6 48. Qe4+ 1-0

[Event "Ungdoms-DM U10 2023"]
[Site "Odense"]
[Date "2023.11.04"]
[Round "4.7"]
[White "Hagen, Frida Bjerregaard"]
[Black "Hansen, Patrick Noumedem"]
[Result "1/2-1/2"]
[WhiteElo "1061"]
[BlackElo "1302"]
[PlyCount "113"]
[EventDate "2023.11.04"]
[EventType "swiss"]
[EventRounds "7"]
[EventCountry "DEN"]
[SourceTitle "Live v. Kasper Jerwiarz"]

1. d4 c6 2. e3 d5 3. Nf3 e6 4. Bd3 Nf6 5. O-O Bd6 6. b3 O-O 7. Bb2 Nbd7 8. Nbd2
b6 9. c4 Qe7 10. Rc1 Bb7 11. e4 dxe4 12. Nxe4 c5 13. Nxd6 Qxd6 14. dxc5 Qxc5
15. Bd4 Qc7 16. Bxf6 Nxf6 17. Qe2 Ng4 18. Be4 Bxe4 19. Qxe4 Nf6 20. Qe5 Rac8
21. Qxc7 Rxc7 22. Rcd1 Rd7 23. Rxd7 Nxd7 24. Rd1 Nf6 25. Ne5 Kh8 26. Nc6 a5 27.
f3 h6 28. Rd6 Kh7 29. Ne5 Kg8 30. Rxb6 Ra8 31. a3 Ne8 32. b4 axb4 33. axb4 Nc7
34. c5 Nd5 35. Rb7 f6 36. Nd7 Rc8 37. b5 Kf7 38. Nb6+ Rc7 39. Rxc7+ Nxc7 40.
Na8 Nxb5 41. Kf2 Ke7 42. Nb6 Kd8 43. Ke3 Ke7 44. Ke4 g6 45. f4 Nc3+ 46. Kd3 Nd5
47. Nxd5+ exd5 48. Kd4 Ke6 49. c6 Kd6 50. c7 Kxc7 51. Kxd5 Kd7 52. g4 Ke7 53.
h4 Kd7 54. f5 gxf5 55. gxf5 h5 56. Kc5 Kc7 57. Kd5 1/2-1/2

[Event "Ungdoms-DM U10 2023"]
[Site "Odense"]
[Date "2023.11.04"]
[Round "4.8"]
[White "Zhang, Daniel Zhihao"]
[Black "Shahriarifar, Radin"]
[Result "0-1"]
[WhiteElo "1056"]
[BlackElo "1153"]
[PlyCount "66"]
[EventDate "2023.11.04"]
[EventType "swiss"]
[EventRounds "7"]
[EventCountry "DEN"]
[SourceTitle "Live v. Kasper Jerwiarz"]

1. Nf3 Nf6 2. Nc3 Nc6 3. e4 e5 4. Bb5 a6 5. Bxc6 dxc6 6. d3 Bd6 7. Bg5 h6 8.
Bd2 O-O 9. O-O Bg4 10. h3 Bh5 11. Qe2 Qe7 12. Be3 Rad8 13. d4 exd4 14. Bxd4 Bb4
15. Bxf6 Qxf6 16. e5 Bxf3 17. exf6 Bxe2 18. fxg7 Kxg7 19. Nxe2 Rd2 20. Nc1 Rxc2
21. Rd1 Re8 22. Nd3 Ba5 23. b4 Bb6 24. Ne1 Rxf2 25. Nd3 Rxa2+ 26. Kh1 Rxa1 27.
Rxa1 Re4 28. Rd1 Rd4 29. Kh2 c5 30. bxc5 Bxc5 31. Rc1 Bd6+ 32. Nf4 Bxf4+ 33.
Kh1 Bxc1 0-1

[Event "Ungdoms-DM U10 2023"]
[Site "Odense"]
[Date "2023.11.05"]
[Round "5.5"]
[White "Jacobsen, Samuel Bro"]
[Black "Pirtac, Alexandru"]
[Result "0-1"]
[WhiteElo "1054"]
[BlackElo "1843"]
[PlyCount "66"]
[EventDate "2023.11.04"]
[EventType "swiss"]
[EventRounds "7"]
[EventCountry "DEN"]
[SourceTitle "Live v. Kasper Jerwiarz"]

1. e4 c5 2. Nf3 a6 3. d4 cxd4 4. Nxd4 Nf6 5. Nc3 e5 6. Nf3 Bb4 7. Bd2 O-O 8.
Bd3 d5 9. Nxd5 Nxd5 10. exd5 Bxd2+ 11. Qxd2 e4 12. Bxe4 Re8 13. Qd3 Bf5 14. Nd2
Bxe4 15. Nxe4 f5 16. O-O-O fxe4 17. Qe3 Qd6 18. h3 Nd7 19. Rhe1 Rac8 20. Kb1
Nf6 21. Qb3 Rc5 22. Qxb7 Rb8 23. Qa7 Qe5 24. c3 Rxb2+ 25. Ka1 Qxc3 26. Qxc5
Rxa2+ 27. Kxa2 Qxc5 28. d6 Nd5 29. Rxe4 Qc2+ 30. Ka3 Qxe4 31. d7 Qb4+ 32. Ka2
Nc3+ 33. Ka1 Qa3# 0-1

[Event "Ungdoms-DM U10 2023"]
[Site "Odense"]
[Date "2023.11.05"]
[Round "5.6"]
[White "Vo, Charlie"]
[Black "Tursic, Benjamin"]
[Result "1-0"]
[WhiteElo "974"]
[BlackElo "991"]
[PlyCount "63"]
[EventDate "2023.11.04"]
[EventType "swiss"]
[EventRounds "7"]
[EventCountry "DEN"]
[SourceTitle "Live v. Kasper Jerwiarz"]

1. e4 e5 2. Nf3 Nc6 3. Bc4 f5 4. d3 f4 5. c3 Nf6 6. b4 d5 7. exd5 Nxd5 8. Bb5
a6 9. Bxc6+ bxc6 10. d4 e4 11. Ne5 Qf6 12. Nd2 Bb7 13. Nxe4 Qf5 14. Qc2 O-O-O
15. Nd6+ cxd6 16. Qxf5+ Kb8 17. O-O dxe5 18. Qxe5+ Ka7 19. a4 Nxc3 20. b5 Bd6
21. Qg5 h6 22. Qh5 Kb6 23. a5+ Ka7 24. Bxf4 Ne2+ 25. Qxe2 Bxf4 26. bxa6 Bxa6
27. Qe7+ Ka8 28. Rfb1 Bd2 29. Rb6 Rhe8 30. Rxa6+ Kb8 31. Qa7+ Kc8 32. Rxc6# 1-0

[Event "Ungdoms-DM U10 2023"]
[Site "Odense"]
[Date "2023.11.05"]
[Round "5.7"]
[White "Mikkelsen, Anders Askjaer"]
[Black "Shahriarifar, Radin"]
[Result "1-0"]
[WhiteElo "1208"]
[BlackElo "1153"]
[PlyCount "57"]
[EventDate "2023.11.04"]
[EventType "swiss"]
[EventRounds "7"]
[EventCountry "DEN"]
[SourceTitle "Live v. Kasper Jerwiarz"]

1. e4 e5 2. Nf3 Nf6 3. Nxe5 Nc6 4. Nxc6 dxc6 5. e5 Ne4 6. d4 Be6 7. Bd3 Qxd4 8.
O-O Qxe5 9. Bxe4 Qxe4 10. Nd2 Qg6 11. Kh1 Bc5 12. c3 O-O 13. f3 Rad8 14. Qa4
Rfe8 15. Ne4 Bb6 16. Bf4 Bf5 17. Rae1 Re6 18. Ng5 Ree8 19. Ne4 h6 20. Bg3 Re6
21. Re2 Rde8 22. Rfe1 Qh7 23. Qd1 f6 24. Qd3 R8e7 25. a4 a6 26. b4 Re8 27. a5
Ba7 28. Bxc7 g5 29. Nxf6+ 1-0

[Event "Ungdoms-DM U10 2023"]
[Site "Odense"]
[Date "2023.11.05"]
[Round "5.8"]
[White "Sandmann, Mattis Majvang"]
[Black "Hagen, Frida Bjerregaard"]
[Result "0-1"]
[WhiteElo "1035"]
[BlackElo "1061"]
[PlyCount "68"]
[EventDate "2023.11.04"]
[EventType "swiss"]
[EventRounds "7"]
[EventCountry "DEN"]
[SourceTitle "Live v. Kasper Jerwiarz"]

1. e4 e6 2. d4 d5 3. e5 c5 4. Nf3 Nc6 5. Nc3 Qb6 6. dxc5 Bxc5 7. Qe2 a6 8. Na4
Qa5+ 9. Nc3 d4 10. Bd2 dxc3 11. Bxc3 Bb4 12. Bxb4 Qxb4+ 13. Qd2 Qxd2+ 14. Nxd2
Nxe5 15. Rd1 Nf6 16. Nc4 Nxc4 17. Bxc4 Bd7 18. Ke2 Rd8 19. Bd3 Nd5 20. Be4 Bb5+
21. Kf3 Bc6 22. Bxd5 Bxd5+ 23. Kf4 f6 24. Rhg1 Ke7 25. f3 Rd6 26. Rge1 Rhd8 27.
b3 e5+ 28. Kg3 Bc6 29. Rc1 g6 30. f4 Ke6 31. c4 Rd2 32. fxe5 Rxg2+ 33. Kh3 Rd3+
34. Kh4 g5+ 0-1

[Event "Ungdoms-DM U10 2023"]
[Site "Odense"]
[Date "2023.11.05"]
[Round "6.5"]
[White "Pirtac, Alexandru"]
[Black "Vo, Charlie"]
[Result "1-0"]
[WhiteElo "1843"]
[BlackElo "974"]
[PlyCount "95"]
[EventDate "2023.11.04"]
[EventType "swiss"]
[EventRounds "7"]
[EventCountry "DEN"]
[SourceTitle "Live v. Kasper Jerwiarz"]

1. e4 e5 2. Nf3 Nc6 3. Bb5 Nf6 4. O-O Nxe4 5. Re1 Nd6 6. Nxe5 Nxe5 7. Rxe5+ Be7
8. Bf1 b6 9. d4 O-O 10. c4 Bb7 11. Nc3 Bf6 12. Rh5 Re8 13. d5 Bxc3 14. bxc3 Qf6
15. Bd3 Ne4 16. f3 Nxc3 17. Bb2 Nxd1 18. Bxf6 Re1+ 19. Bf1 gxf6 20. Rh4 c5 21.
dxc6 dxc6 22. Rd4 Rxf1+ 23. Kxf1 Ne3+ 24. Kf2 Nc2 25. Rg4+ Kf8 26. Rd1 Re8 27.
Rf4 f5 28. Rd2 Nb4 29. Rxf5 c5 30. Rh5 Kg7 31. Rg5+ Kf6 32. Rg4 Nc6 33. Rd7 Ba8
34. Rf4+ Kg6 35. Rdxf7 Ne5 36. R4f6+ Kh5 37. g4+ Kh4 38. Rxh7+ Kg5 39. Rf5+ Kg6
40. Rhh5 Nd3+ 41. Kg3 Re1 42. h4 a6 43. Rhg5+ Kh7 44. Rf7+ Kh6 45. Rgf5 Ne5 46.
R5f6+ Ng6 47. g5+ Kh5 48. Rh7# 1-0

[Event "Ungdoms-DM U10 2023"]
[Site "Odense"]
[Date "2023.11.05"]
[Round "6.6"]
[White "Mikkelsen, Anders Askjaer"]
[Black "Jacobsen, Samuel Bro"]
[Result "1-0"]
[WhiteElo "1208"]
[BlackElo "1054"]
[PlyCount "107"]
[EventDate "2023.11.04"]
[EventType "swiss"]
[EventRounds "7"]
[EventCountry "DEN"]
[SourceTitle "Live v. Kasper Jerwiarz"]

1. e4 e5 2. Nf3 Nc6 3. Bc4 Bc5 4. c3 d6 5. d4 exd4 6. cxd4 Bb4+ 7. Bd2 Bxd2+ 8.
Nbxd2 Bg4 9. Qb3 Qd7 10. h3 Bxf3 11. Qxf3 Nxd4 12. Qc3 c5 13. O-O b5 14. Bd3 c4
15. Qxd4 cxd3 16. Qxg7 O-O-O 17. Qxh8 f6 18. Nf3 Qe7 19. Ng5 fxg5 20. Qc3+ Kb7
21. Qxd3 Qe5 22. Qd5+ Kb8 23. Qxe5 dxe5 24. Rad1 Rxd1 25. Rxd1 Nf6 26. f3 Kc7
27. Kf2 h5 28. g4 h4 29. Ke3 Nd7 30. b4 Nf8 31. Kd3 Ne6 32. Kc3 Nf4 33. Rh1 Kc6
34. a3 a6 35. Kd2 Kd6 36. Ke3 Ke6 37. Kf2 Ke7 38. Kg1 Ke6 39. Kh2 Ne2 40. Re1
Nf4 41. Rc1 Kd7 42. Rc2 Nd3 43. Rd2 Ke6 44. Rxd3 Ke7 45. Rd1 Ke6 46. Rd5 Kf7
47. Rxe5 Kf6 48. Rf5+ Kg6 49. e5 a5 50. e6 axb4 51. e7 Kg7 52. e8=Q b3 53.
Rxg5+ Kh6 54. Qh5# 1-0

[Event "Ungdoms-DM U10 2023"]
[Site "Odense"]
[Date "2023.11.05"]
[Round "6.7"]
[White "Shahriarifar, Radin"]
[Black "Hansen, Patrick Noumedem"]
[Result "1/2-1/2"]
[WhiteElo "1153"]
[BlackElo "1302"]
[PlyCount "65"]
[EventDate "2023.11.04"]
[EventType "swiss"]
[EventRounds "7"]
[EventCountry "DEN"]
[SourceTitle "Live v. Kasper Jerwiarz"]

1. d4 c6 2. Bf4 d5 3. e3 Nf6 4. Bd3 Qb6 5. b3 e6 6. Nd2 Qd8 7. Ngf3 Bd6 8. Bg3
Nh5 9. Ne5 Nxg3 10. hxg3 h6 11. Qg4 Qf6 12. f4 Nd7 13. O-O-O Nb6 14. Qh5 g6 15.
Qh4 Qxh4 16. gxh4 c5 17. c3 Bxe5 18. fxe5 cxd4 19. cxd4 Bd7 20. Kb2 Ke7 21. Rc1
Rac8 22. Rhf1 Rc6 23. Rf6 Rxc1 24. Kxc1 Bc6 25. Kb2 Nd7 26. Rf1 a6 27. Rc1 Rg8
28. Bxa6 bxa6 29. Rxc6 Ra8 30. g4 f6 31. Nf3 Kf7 32. Rd6 Ra7 33. g5 1/2-1/2

[Event "Ungdoms-DM U10 2023"]
[Site "Odense"]
[Date "2023.11.05"]
[Round "6.8"]
[White "Larsen, Jonas Bogh"]
[Black "Hagen, Frida Bjerregaard"]
[Result "0-1"]
[WhiteElo "1068"]
[BlackElo "1061"]
[PlyCount "42"]
[EventDate "2023.11.04"]
[EventType "swiss"]
[EventRounds "7"]
[EventCountry "DEN"]
[SourceTitle "Live v. Kasper Jerwiarz"]

1. e4 e6 2. d4 d5 3. exd5 exd5 4. Nf3 Nf6 5. Bg5 Be7 6. Bd3 O-O 7. O-O h6 8.
Bh4 c6 9. c4 Bg4 10. Nbd2 Ne4 11. Nxe4 dxe4 12. Bxe4 Bxh4 13. d5 cxd5 14. cxd5
Nd7 15. Bc2 Ne5 16. Be4 f5 17. Bc2 Nxf3+ 18. gxf3 Bh3 19. Qd2 Qf6 20. Qg5 Qxg5+
21. Kh1 Qg2# 0-1